Statistics for African Countries that Start with M

Click here to take the quiz!

General Stats

  • This quiz has been taken 764 times
  • The average score is 6 of 7

Answer Stats

Country% Correct
Mali
97%
Mozambique
93%
Madagascar
92%
Mauritania
92%
Malawi
90%
Mauritius
88%
Morocco
87%

Score Distribution

Percentile by Number Answered

Percent of People with Each Score

Your Score History

You have not taken this quiz